Categories for Quantum Theory: An Introduction /

Gespeichert in:
Bibliographische Detailangaben
Hauptverfasser: Heunen, Chris (Verfasst von), Vicary, Jamie (Verfasst von)
Format: Buch
Sprache:Englisch
Veröffentlicht: New York: Oxford University Press, 2019
Schriftenreihe:Oxford Graduate Texts in Mathematics 28
Schlagworte:
Tags: Tag hinzufügen
Keine Tags, Fügen Sie das erste Tag hinzu!

MARC

LEADER 00000nam a22000003a 4500
001 0084867
003 SK-STU
005 20201201135554.5
007 ta
008 201201s ----xo-----e------000-0-----d
020 |a 978-0-19-873961-6 
040 |a STU  |b slo 
041 0 |a eng  |h eng 
044 |a xxu 
100 1 |a Heunen, Chris  |4 aut  |r Z6 
245 1 0 |a Categories for Quantum Theory:  |b An Introduction /  |c aut. Chris Heunen, Jamie Vicary 
260 |a New York:  |b Oxford University Press,   |c 2019 
300 |a 324 s. 
490 0 |a Oxford Graduate Texts in Mathematics 28 
650 0 7 |a linear structure 
650 0 7 |a monoids and comonoids 
650 0 7 |a quantum structures 
700 1 |a Vicary, Jamie  |r Z6  |4 aut 
996 |c V* 53089/O-24249  |l VV11  |s P  |a 0  |w 0084867_0001